Ibrahim Shah : Menyingkap Pengurusan Universiti

Bibliographic Details
Main Author: Muhd Kamil Ibrahim
Format: Book
Published: Shah Alam : Utusan Publications & Distributors Sdn. Bhd. , 2006
Subjects:

MARC

LEADER 00000cam a2200000 7i4500
001 0000076188
005 20120306.0
008 100526 bm
020 |a 9676115126 
090 0 0 |a 378.10109595 MUH 
100 1 |a Muhd Kamil Ibrahim 
245 1 0 |a Ibrahim Shah :   |b Menyingkap Pengurusan Universiti   |c Muhd Kamil Ibrahim, Nasrudin Mohammed 
260 |a Shah Alam :   |b Utusan Publications & Distributors Sdn. Bhd. ,   |c 2006 
300 |a 308p. :   |b ill. col. ;   |c 23cm. 
650 0 0 |a Ibrahim Abu Shah, Dato' Sri   |x Contributions in education 
999 |a 0000093690   |b Buku   |c Rujukan   |e Perpustakaan Cawangan Jasin 
999 |a 0000093692   |b Buku   |c Rujukan   |e Perbadanan Perpustakaan Awam Melaka 
999 |a 0000093693   |b Buku   |c Rujukan   |e Perpustakaan Cawangan Masjid Tanah 
999 |a 0000180788   |b Buku   |c Koleksi Tokoh   |e Perbadanan Perpustakaan Awam Melaka